| 000 | 00776nam a2200169Ia 4500 | ||
|---|---|---|---|
| 008 | 090711s9999 xx 000 0 und d | ||
| 082 | _b64401 | ||
| 100 | _aजोग द. वा. | ||
| 245 | _aतत्वनुसंधान सार अर्थात सुबोध अद्वैत सिद्धांत दर्शन | ||
| 260 | _c1981 | ||
| 300 | _a361 | ||
| 600 | _aजोग द. वा. | ||
| 630 | _aतत्वनुसंधान सार अर्थात सुबोध अद्वैत सिद्धांत दर्शन | ||
| 700 | _aजोग द. वा. | ||
| 730 | _aतत्वनुसंधान सार अर्थात सुबोध अद्वैत सिद्धांत दर्शन | ||
| 942 | _cBOOK | ||
| 999 |
_c282146 _d282146 |
||